00688nam a2200181Ia 4500008004100000020001800041050002200059100001800081245005000099250001200149260008100161300005500242500006300297521000800360650004100368650005600409650004100465140609s9999 xx 000 0 und d a9781451120929 aRM 300b.K37 2011 aKarch, Amy M. aFocus on nursing pharmacology /cAmy M. Karch a5th ed. aPhiladelphia :bWolters Kluwer Health/Lippincott Williams & Wilkins,cc2011. a1025 p. :bill. ;c27 cm.e+ 1 DVD-ROM (4 3/4 in). aIncludes bibliographical references, appendices and index. aNUR aDrug therapyxNurses’ instruction. aPharmaceutical preparationsxNurses’ instruction. aPharmacologyxNurses’ instruction.